| 000 | 01392cam a2200229 4500 | ||
|---|---|---|---|
| 001 | ##L132440 | ||
| 002 | ##9408 | ||
| 008 | 041020n2006 000 0 eng u | ||
| 020 | _a1904829295 | ||
| 035 | _a(Sirsi) u132440 | ||
| 041 | 0 | _aeng | |
| 050 | 0 | 4 | _a692.5 $2 18 |
| 110 | 2 |
_aBuilding Cost Information Service _91096 |
|
| 245 | 0 | 0 | _aHousing repair cost guide 2006 |
| 260 |
_aLondon _bBuilding Cost Information Service _c2006 |
||
| 300 |
_a491p. _c30cm |
||
| 350 | _a125 | ||
| 505 | 2 | _aIntroduction -- C5 - the exterior -- C6 - the interior -- D1 - the services -- D2 - drainage -- D3 - the site -- C1 - movement -- C2 - timber defects -- C3 - dampness -- C4 - insulation -- Supplementary pricing information -- Addenda | |
| 520 | _aAims to provide surveyors with an independent source of information on how much typical defects identified in a residential survey will cost to remedy. Designed for ease of use when carrying out surveys. No measurements are required as the costs are divided by type of house such as terraced or detached, and by general size such as small, medium or large. No calculations are needed as the costs are for complete items as one-off jobs including VAT. The works have been categorised in accordance with the RICS Homebuyer Survey and Valuation. | ||
| 690 | _aBUILT ENVIRONMENT-BUILDING MAINTENANCE AND REFURBISHMENT-MAINTENANCE COSTS | ||
| 942 | _n0 | ||
| 999 |
_c105140 _d105140 |
||